Catalog

Record Details

Catalog Search



Život církevní v Čechách : kulturně-historický obraz z XV. a XVI. století svazek 1. Cover Image Book Book

Život církevní v Čechách : kulturně-historický obraz z XV. a XVI. století Zikmund Winter svazek 1.

Winter, Zikmund (Author).

Record details

  • Physical Description: 992 s.
  • Publisher: Praha Česká akademie císaře Františka Josefa pro vědy, slovesnost a umění 1895

Available copies

  • 1 of 1 copy available at Common Catalog SPOK.

Holds

  • 0 current holds with 1 total copy.
Show All Copies
Location Call Number / Copy Notes Barcode Shelving Location Status Due Date
ETS Library 274.3705 424470009205 Volný výběr Available -

LDR 00787nam a2 00229
00132574
003CZ-PrJAB
00520040325000000.0
008010328s1895 xr e |||| |cze
009cz
035 . ‡a(CONS)10637
035 . ‡aKPS8412
040 . ‡aABG450
041 . ‡acze
08214. ‡a274.3705
100 . ‡72741 ‡aWinter, Zikmund
245 . ‡aŽivot církevní v Čechách : ‡bkulturně-historický obraz z XV. a XVI. století ‡cZikmund Winter ‡nsvazek 1.
260 . ‡aPraha ‡bČeská akademie císaře Františka Josefa pro vědy, slovesnost a umění ‡c1895
300 . ‡a992 s.
653 . ‡aŽivot církevní v Čechách ‡akulturně-historický obraz z XV. a XVI. století
8524 . ‡bETS ‡bETS ‡cVolný výběr ‡j274.3705 ‡gP ‡p424470009205 ‡xreference
910 . ‡aABG450
999 . ‡a10637 ‡bAUTOGEN ‡c10637 ‡tbiblio
905 . ‡uadmin
901 . ‡a32574 ‡b ‡c32574 ‡tbiblio ‡sets

Additional Resources